000 01120nas a2200241 i 4500
001 168794
003 ES-MaACL
005 20250809062542.0
008 080609 18731877 | | ||pa d
245 0 0 _aColección legislativa de España.
_pSentencias del Tribunal Supremo de Justicia en sus Salas Primera.
246 2 _aSentencias del Tribunal Supremo de Justicia en sus Salas Primera y Segunda
260 _aMadrid :
_b[s.n.],
_c1873-77.
300 _a55 v. ;
_c32 cm.
310 _aSemestral
580 _aEscindida en: Colección legislativa de España. Sentencias del Tribunal Supremo en su Sala 1ª y Colección legislativa de España. Sentencias del Tribunal Supremo en sus Salas 2ª y 3ª.
650 0 7 _aDerecho
_2embne
_911602
710 0 _aEspaña.
_bMinisterio de Gracia y Justicia.
_93873
780 0 0 _tColección legislativa de España. Sentencias del Tribunal Supremo de Justicia en sus Salas Primera y Segunda
785 0 0 _tColección legislativa de España. Sentencias del Tribunal Supremo en materia civil
852 _aES-MaACL
_jHem-366
866 0 _o1871-74.
999 _c168794
_d168794